| 000 | 00723nam a2200217Ia 4500 | ||
|---|---|---|---|
| 001 | 11460 | ||
| 003 | GE_BSU | ||
| 008 | 181216s||||||||xx |||||||||||||| ||und|| | ||
| 040 | _cGE_BSU | ||
| 080 | _a633.5/9(213)(075.32)+331.361.2 | ||
| 100 | _aცქიტიშვილი,გ. | ||
| 245 | _aსუბტროპიკული ტექნიკური კულტურები | ||
| 245 | _cრედ:ი.ქაჩიბაია. | ||
| 260 | _aთბილისი | ||
| 260 | _bსახელგამი | ||
| 260 | _c1955 | ||
| 300 | _a222გვ;22სმ. | ||
| 300 | _bილ. | ||
| 653 | _aსუბტროპიკული ტექნიკური კულტურები | ||
| 942 | _cBK | ||
| 999 |
_c44657 _d44657 |
||